Nazwy minifigurek LEGO z 26 serii - Statystyki

Ogólne statystyki
  • Ten quiz został rozwiązany 10 razy
  • Średni wynik to 5 z 12
Statystyki odpowiedzi
Pierwsza litera Odpowiedź % Poprawnych
I Impostor
75%
O Orion
75%
A Android-pielęgniarka
38%
A Astronautkaw przestrzeni kosmicznej
38%
K Kosmicznabohaterka retro
38%
K Kosmita-turysta
38%
M Mutant Blacktronu
38%
O Odkrywczynilodowej planety
38%
S Siłacz M-Tron
38%
K Kosmiczny żukozoid
25%
M Miłośnik latających spodków w przebraniu
25%
R Robot-lokaj
25%
Nie znaleziono quizów pasujących do podanych kryteriów
Rozkład punktacji
Procent ludzi z każdym wynikiem
Percentyl według liczby udzielonych odpowiedzi
Twoja historia wyników
Nie rozwiązałeś tego quizu